Afectación Psicológica como Componente de un Delito / (Record no. 23320)

000 -CABECERA
fixed length control field 01182nam a22002777i 4500
003 - IDENTIFICADOR DEL NÚMERO DE CONTROL
control field AR-CdUCM
008 - DATOS DE LONGITUD FIJA--INFORMACIÓN GENERAL
fixed length control field 250717b20242024 pe||||| |||| 00| 0 spa d
020 ## - NÚMERO INTERNACIONAL ESTÁNDAR DEL LIBRO
ISBN 978-612-48815-3-4
040 ## - FUENTE DE LA CATALOGACIÓN
Agencia/entidad que catalogó originalmente la obra MUNICIPALIDAD PROVINCIAL DEL CUSCO
Entidad que transcribió la catalogación BIBLIOTECA MUNICIPAL DEL CUSCO
082 ## - NÚMERO DE LA CLASIFICACIÓN DECIMAL DEWEY
No. de Clasificación 372.11 / O41
Notacion interna O41
100 ## - ENTRADA PRINCIPAL--NOMBRE DE PERSONA
Nombre Personal Olarte Sotomayor, Midwar
245 ## - MENCIÓN DE TÍTULO
Título Afectación Psicológica como Componente de un Delito /
260 ## - PUBLICACIÓN, DISTRIBUCIÓN, ETC.
Lugar de publicación, distribución, etc. Lima :
Nombre de la editorial, distribuidor, etc. CEMAR-DD Investigación Científica S.R.L.
Fecha de publicación, distribución, etc. 2024
300 ## - DESCRIPCIÓN FÍSICA
Nº de Páginas Extensión 199 páginas. :
Dimensiones 21x15 cm.
500 ## - NOTA GENERAL
Bibliografía páginas 154-169
505 ## - NOTA DE CONTENIDO CON FORMATO
Nota de contenido formateada Diagnostico de la problemática en la sociedad actual -- Marco normativo de la afectación psicológica -- La violencia como evento traumático -- Consecuencias psicológicas de la violencia -- Trastornos mentales y violencia
650 ## - PUNTO DE ACCESO ADICIONAL DE MATERIA--TÉRMINO DE MATERIA
Descriptor Afectación psicológica
9 (RLIN) 51238
650 ## - PUNTO DE ACCESO ADICIONAL DE MATERIA--TÉRMINO DE MATERIA
Descriptor Daño Psicológico
9 (RLIN) 51239
650 ## - PUNTO DE ACCESO ADICIONAL DE MATERIA--TÉRMINO DE MATERIA
Descriptor Experiencias traumáticas
9 (RLIN) 51240
650 ## - PUNTO DE ACCESO ADICIONAL DE MATERIA--TÉRMINO DE MATERIA
Descriptor Violencia
9 (RLIN) 51241
650 ## - PUNTO DE ACCESO ADICIONAL DE MATERIA--TÉRMINO DE MATERIA
Descriptor Consecuencias Psicológicas
9 (RLIN) 51242
700 ## - PUNTO DE ACCESO ADICIONAL--NOMBRE DE PERSONA
Nombre Personal Alatrista Muñiz, German Ramiro - Córdova Huamaní, Máximo
9 (RLIN) 51243
942 ## - ELEMENTOS DE PUNTO DE ACCESO ADICIONAL (KOHA)
Fuente de clasificación
Tipo de item Libros-BMC
945 ## - PROCESAMIENTO DE INFORMACIÓN LOCAL (OCLC)
Catalogador pbjr
AAAA-MM-DD - Fecha de ingreso o modificacion 17-07-2025
Holdings
Estado de retiro (separado) Fuente de clasificación o esquema de estanterías Estado dañado Ubicación Sala donde se ubica Nombre de la colección Fecha de adquisición o compra Fuente de adquisición Costo, precio normal en soles Signatura topográfica Código de Barras Última vez visto (Koha) Tipo de ítem (Koha)
No     Sala Humanidades Sala Humanidades Book Cart 2025-07-17 Donación 20.00 372.11 / O41 SH0000016928 2025-07-17 Libros-BMC

Powered by Koha